• 首页
  • 本馆介绍
  • 公告通知
  • 最新文献
  • 馆藏检索
  • 电子资源
  • 读者导购
  • 参考咨询
  • 我的图书馆
  • 登录
  • 详细信息显示
  • 放入我的书架
  • 预约/预借图书
  • 作者相关作品
  • 分类相关作品
  • 丛书相关作品
  • 出版社相关作品

书目信息

  • 表格格式
  • 工作单格式
  • 卡片格式
题名:
超导电性
    
 
作者: 弗思 著 ;伍凌武 译
分册:  
出版信息: 北京   科学出版社  1977
页数: 51页
开本: 19cm
丛书名:
单 册:
中图分类: O511
科图分类:
主题词: 超导电性
电子资源:
ISBN:
000 00609nam0 2200241 45
001 0177001046
005 20060816081813.12
010    @dCNY0.17
091    @a13031.593
100    @a19951011d1977 kemy0chiy0121 ea
101 1  @achi
102    @aCN@b110000
105    @ay z 000yy
200 10 @a超导电性@Achao dao dian xing@fI.M.弗思著@g伍凌武译
210    @a北京@c科学出版社@d1977
215    @a51页@d19cm
606    @a超导电性
690    @aO511@v3
701  1 @a弗思@Afu si@bI.M.@4著
702  0 @a伍凌武@Awu ling wu@4译
801  2 @aCN@bNLC@c20060816
801  0 @aCN@bTSSF
905    @a10447@dO511@e13
    
    超导电性/I.M.弗思著/伍凌武译.-北京:科学出版社,1977
    51页;19cm
    
    
    ISBN :CNY0.17
    
●
相关链接 在E读中查询图书 在五车中查询图书 在当当中查询图书 在豆瓣中查询图书


正题名:超导电性     索取号:O511/13         预约/预借

序号 登录号 条形码 馆藏地/架位号 状态 备注
1 0461778   204617780   密集书库/ [索取号:O511/13] 在馆    
唐山师范学院图书馆 欢迎您!
大连网信软件有限公司© 版权所有